000 01636nam a2200409 i 4500
001 196165
003 ES-MaACL
005 20260215143035.0
008 240816s2003 mx a | |||| 000 0dspa
020 _a9681669584
035 _a(OCoLC)53709388
035 _a(SpMaBN)a4824276
035 _a991025263219708606
040 _aSpMaBN
_bspa
_cSpMaBN
_erdc
080 _a327(460:8=134.2)"15/17"
080 _a94(72)"1521/1821"
080 _a94(8=134.2)"15/17"(089.3)
245 0 0 _aGrafías del imaginario :
_brepresentaciones culturales en España y América (siglos XVI-XVIII) /
_cCarlos Alberto González Sánchez y Enriqueta Vila Vilar (compiladores).
250 _a1ª ed.
260 _aMéxico, D.F. :
_bFondo de Cultura Económica,
_c2003.
300 _a641 p. :
_bil. ;
_c23 cm.
336 _2rdacontent
_atexto
337 _2rdamedia
_asin mediación
338 _2rdacarrier
_avolumen
490 0 _aSección de obras de historia
504 _aIncluye referencias bibliográficas
651 4 _aAmérica española-
_vMisceláneas
_2embne
_97733
651 7 _aMéxico-
_xHistoria-
_y1521-1821, Época colonial
_9158070
651 4 _aEspaña-
_xRelaciones-
_zAmérica española
_2embne
_98453
700 _aGonzález Sánchez, Carlos Alberto,
_d1963-
_epbl
_9238412
700 0 _aVila Vilar, Enriqueta
_9114745
_eedt
852 _aES-MaACL
_bR.154470
_cDEPOJ
_jN-9233
_hDonación: Editorial
_xEncuadernación rústica
_9205195
942 _cMONOGRAFIA
_n0
999 _c196165
_d196165